000 00984cab a2200277 4500
001 ABS54905
008 090401t1996 xxu||||| |||| 00| 0 eng d
035 _a(Sirsi) u12958
041 _aeng
100 _aWhalley, J.
245 _aRisk management - a new opportunity
260 _c1996
350 _a0
490 _aProperty Finance & Development
_vMarch 1996, 3-5(3)
520 _aConsiders how a property futures market might work, suggesting the use of a standard property index to make property more liquid, such as the concept of the Real Estate Index Market (REIM); an attempt to create a property derivative.
650 _aDERIVATIVES
650 _aFUTURES MARKET
650 _aLIQUIDITY
650 _aPROPERTY DERIVATIVES
650 _aPROPERTY FUTURES
650 _aPROPERTY INVESTMENT
650 _aREAL ESTATE INVESTMENT MARKET
690 _aPROPERTY-COMMERCIAL PROPERTY-COMMERCIAL PROPERTY FINANCE AND INVESTMENT
942 _n0
948 _c04/03/1997
999 _c8323
_d8323